书目信息 |
| 题名: |
希特勒外传
|
|
| 作者: | ;江西人民出版社 改编 | |
| 分册: | ||
| 出版信息: | 南昌 江西人民出版社 1985 |
|
| 页数: | 476页 | |
| 开本: | 19cm | |
| 丛书名: | 历史知识丛书 | |
| 单 册: | ||
| 中图分类: | K835.167.5 | |
| 科图分类: | ||
| 主题词: | 地理 , 历史 | |
| 电子资源: | ||
| ISBN: | ||
| 000 | 00865nam2 2200289 45 | |
| 001 | 0185011172 | |
| 005 | 20060429162008.15 | |
| 010 | @dCNY2.10 | |
| 091 | @a11110.25 | |
| 100 | @a19930916d1985 em y0chiy0121 ea | |
| 101 | 0 | @achi |
| 102 | @aCN@b360000 | |
| 105 | @ay z 000yb | |
| 200 | 10 | @a希特勒外传@Axi te le wai zhuan@f江西人民出版社改编@Fjiang xi ren min chu ban she gai bian |
| 210 | @a南昌@c江西人民出版社@d1985 | |
| 215 | @a476页@d19cm | |
| 225 | 2 | @a历史知识丛书 |
| 300 | @a根据美威廉·夏伊勒所著《第三帝国的兴亡—纳粹德国史》一书有关内容改编 | |
| 410 | 0 | @120010@a历史知识丛书 |
| 600 | 1 | @a希特勒@bA.@x传记 |
| 606 | 0 | @a地理 |
| 606 | 0 | @a历史 |
| 690 | @aK835.167.5@v4 | |
| 711 | 02 | @a江西人民出版社@Ajiang xi ren min chu ban she@4改编 |
| 801 | 0 | @aCN@bTSSF@c20060429 |
| 801 | 2 | @aCN@bNLC@c20060426 |
| 905 | @a10447@dK835.167.5@e123 | |
| 希特勒外传/江西人民出版社改编.-南昌:江西人民出版社,1985 |
| 476页;19cm.-(历史知识丛书) |
| 根据美威廉·夏伊勒所著《第三帝国的兴亡—纳粹德国史》一书有关内容改编 |
| ISBN :CNY2.10 |
| ● |
| 相关链接 |
|
|
|
|
正题名:希特勒外传
索取号:K835.167.5/123
 
预约/预借
| 序号 | 登录号 | 条形码 | 馆藏地/架位号 | 状态 | 备注 |
| 1 | 0146150 | 202325992 | 密集书库/ [索取号:K835.167.5/123] | 在馆 | |
| 2 | 0146152 | 202263102 | 密集书库/ [索取号:K835.167.5/123] | 在馆 |